000 00749nam a2200241 i 4500
003 DO-SdBNP
005 20250115124320.0
006 a|||||r|||| 001 ed
007 ta
008 230417e2011 dr ac||gr|||| 001 edspa d
020 _a9789945404524
040 4 _aDO-SdBNP
_bspa
_cBNPHU
082 4 _222
_bA644h
245 1 0 _aHistoria de la locución dominicana. /
_cRubén Darío Aponte Mendoza
264 3 0 _aSanto Domingo :
_bNacional,
_c2011
300 _a955 páginas :
_bIlustraciones, retratos ;
_c22
336 _2rdaconten
_atexto
_btxt
337 _2rdamedia
_asin medición
_bn
338 _2rdacarrier
_avolumen
_bnc
590 _aInventariado 2023 / MF
710 1 _aRepública Dominicana.
_bMinisterio de Cultura
_971794
942 _2ddc
_cLBS1
999 _c53282
_d53282